<?xml version="1.0" encoding="UTF-8"?>
<record
    xmlns:xsi="http://www.w3.org/2001/XMLSchema-instance"
    xsi:schemaLocation="http://www.loc.gov/MARC21/slim http://www.loc.gov/standards/marcxml/schema/MARC21slim.xsd"
    xmlns="http://www.loc.gov/MARC21/slim">

  <leader>00948nam a22002537b 4500</leader>
  <controlfield tag="003">3228</controlfield>
  <controlfield tag="005">20251015211546.0</controlfield>
  <controlfield tag="008">251015b        sa ||||| |||| 00| 0 eng d</controlfield>
  <datafield tag="020" ind1=" " ind2=" ">
    <subfield code="a">9781928326120 (paperback)</subfield>
  </datafield>
  <datafield tag="040" ind1=" " ind2=" ">
    <subfield code="a">MPL</subfield>
    <subfield code="c">3228</subfield>
    <subfield code="e">rda</subfield>
  </datafield>
  <datafield tag="041" ind1=" " ind2=" ">
    <subfield code="a">xitsonga - englishi</subfield>
  </datafield>
  <datafield tag="082" ind1=" " ind2="0">
    <subfield code="a">896.397810080 MABA</subfield>
  </datafield>
  <datafield tag="100" ind1=" " ind2=" ">
    <subfield code="9">197136</subfield>
    <subfield code="a">Mabale, N.J.</subfield>
  </datafield>
  <datafield tag="245" ind1=" " ind2=" ">
    <subfield code="a">Ancestral voices : </subfield>
    <subfield code="b">Xitsonga heritage writings with English translations. Volume 1 of 7</subfield>
    <subfield code="c">N J Mabale, P Shilubana, J P Ndhambi, E A Tlakula, D P Maroleni.</subfield>
  </datafield>
  <datafield tag="260" ind1=" " ind2=" ">
    <subfield code="a">Bedfordview : </subfield>
    <subfield code="b">South African Heritage Publishers, </subfield>
    <subfield code="c">2022.</subfield>
  </datafield>
  <datafield tag="300" ind1=" " ind2=" ">
    <subfield code="a">123 pages ; </subfield>
    <subfield code="c">29 cm.</subfield>
  </datafield>
  <datafield tag="650" ind1=" " ind2="0">
    <subfield code="9">182239</subfield>
    <subfield code="a">Tsonga (African people)</subfield>
    <subfield code="v">History</subfield>
  </datafield>
  <datafield tag="650" ind1=" " ind2="0">
    <subfield code="9">197139</subfield>
    <subfield code="a">Names, Personal</subfield>
    <subfield code="v">Tsonga</subfield>
    <subfield code="x">History</subfield>
  </datafield>
  <datafield tag="700" ind1=" " ind2=" ">
    <subfield code="9">197140</subfield>
    <subfield code="a">Shilubana, P.</subfield>
    <subfield code="e">author</subfield>
  </datafield>
  <datafield tag="700" ind1=" " ind2=" ">
    <subfield code="9">197141</subfield>
    <subfield code="a">Ndhambi, J. P.</subfield>
    <subfield code="e">author</subfield>
  </datafield>
  <datafield tag="700" ind1=" " ind2=" ">
    <subfield code="9">197143</subfield>
    <subfield code="a">Tlakula, E. A.</subfield>
    <subfield code="e">author</subfield>
  </datafield>
  <datafield tag="700" ind1=" " ind2=" ">
    <subfield code="9">197145</subfield>
    <subfield code="a">Maroleni, D. P.</subfield>
    <subfield code="e">author</subfield>
  </datafield>
  <datafield tag="942" ind1=" " ind2=" ">
    <subfield code="2">ddc</subfield>
    <subfield code="c">BOOK</subfield>
    <subfield code="y">175</subfield>
    <subfield code="z">Naomi Ntsimane</subfield>
  </datafield>
  <datafield tag="999" ind1=" " ind2=" ">
    <subfield code="c">787396</subfield>
    <subfield code="d">787395</subfield>
  </datafield>
  <datafield tag="952" ind1=" " ind2=" ">
    <subfield code="0">0</subfield>
    <subfield code="1">0</subfield>
    <subfield code="2">ddc</subfield>
    <subfield code="4">0</subfield>
    <subfield code="7">0</subfield>
    <subfield code="8">800</subfield>
    <subfield code="a">SECL</subfield>
    <subfield code="b">SECL</subfield>
    <subfield code="c">REF</subfield>
    <subfield code="d">2025-10-15</subfield>
    <subfield code="g">340.50</subfield>
    <subfield code="o">R896.397810080 MABA</subfield>
    <subfield code="p">3228200045417</subfield>
    <subfield code="r">2025-10-15</subfield>
    <subfield code="w">2025-10-15</subfield>
    <subfield code="y">BOOK</subfield>
  </datafield>
  <datafield tag="952" ind1=" " ind2=" ">
    <subfield code="0">0</subfield>
    <subfield code="1">0</subfield>
    <subfield code="2">ddc</subfield>
    <subfield code="4">0</subfield>
    <subfield code="7">0</subfield>
    <subfield code="8">800</subfield>
    <subfield code="a">STANRL</subfield>
    <subfield code="b">SAKHL</subfield>
    <subfield code="c">GEN</subfield>
    <subfield code="d">2025-10-15</subfield>
    <subfield code="g">340.50</subfield>
    <subfield code="o">896.397810080 MABA</subfield>
    <subfield code="p">3228200045368</subfield>
    <subfield code="r">2025-10-15</subfield>
    <subfield code="w">2025-10-15</subfield>
    <subfield code="y">BOOK</subfield>
  </datafield>
  <datafield tag="952" ind1=" " ind2=" ">
    <subfield code="0">0</subfield>
    <subfield code="1">0</subfield>
    <subfield code="2">ddc</subfield>
    <subfield code="4">0</subfield>
    <subfield code="7">0</subfield>
    <subfield code="8">800</subfield>
    <subfield code="a">STANRL</subfield>
    <subfield code="b">BALFL</subfield>
    <subfield code="c">GEN</subfield>
    <subfield code="d">2025-10-15</subfield>
    <subfield code="g">340.50</subfield>
    <subfield code="o">896.397810080 MABA</subfield>
    <subfield code="p">3228200045371</subfield>
    <subfield code="r">2025-10-15</subfield>
    <subfield code="w">2025-10-15</subfield>
    <subfield code="y">BOOK</subfield>
  </datafield>
  <datafield tag="952" ind1=" " ind2=" ">
    <subfield code="0">0</subfield>
    <subfield code="1">0</subfield>
    <subfield code="2">ddc</subfield>
    <subfield code="4">0</subfield>
    <subfield code="7">0</subfield>
    <subfield code="8">800</subfield>
    <subfield code="a">STANRL</subfield>
    <subfield code="b">DAGGL</subfield>
    <subfield code="c">GEN</subfield>
    <subfield code="d">2025-10-15</subfield>
    <subfield code="g">340.50</subfield>
    <subfield code="o">896.397810080 MABA</subfield>
    <subfield code="p">3228200045370</subfield>
    <subfield code="r">2025-10-15</subfield>
    <subfield code="w">2025-10-15</subfield>
    <subfield code="y">BOOK</subfield>
  </datafield>
  <datafield tag="952" ind1=" " ind2=" ">
    <subfield code="0">0</subfield>
    <subfield code="1">0</subfield>
    <subfield code="2">ddc</subfield>
    <subfield code="4">0</subfield>
    <subfield code="7">0</subfield>
    <subfield code="8">800</subfield>
    <subfield code="a">EVANL</subfield>
    <subfield code="b">EVANL</subfield>
    <subfield code="c">GEN</subfield>
    <subfield code="d">2025-10-15</subfield>
    <subfield code="g">340.50</subfield>
    <subfield code="o">896.397810080 MABA</subfield>
    <subfield code="p">3228200045369</subfield>
    <subfield code="r">2025-10-15</subfield>
    <subfield code="w">2025-10-15</subfield>
    <subfield code="y">BOOK</subfield>
  </datafield>
</record>
